| 000 | 00342nam a2200145Ia 4500 | ||
|---|---|---|---|
| 008 | 230312s9999||||xx |||||||||||||| ||und|| | ||
| 020 | _a0-7895-4618-3 | ||
| 082 |
_a004 _bSHE-D |
||
| 100 | _aShelly, Gary B. | ||
| 245 | 0 | _aDiscovering Computers 2000 | |
| 260 |
_bCOURSE _aNew York _c2000 |
||
| 546 | _aEng. | ||
| 650 | _aComputer | ||
| 942 | _cBK | ||
| 999 |
_c3400 _d3400 |
||